Non-specific immune response in dogs with dermacomycosis [t.j. dermatomycosis]

Bibliographic Details
Main Authors: Mojžišová, Jana, 1963- (Author), Hromada, R. (Author), Paulík, Štefan, 1948-2004 (Author), Hipíková, Vlasta (Author), Bajová, Viera, 1942-2013 (Author), Čížek, Milan (Author)
Format: Article
Language:Slovak
English
PhysicalDescription:Tab.
ISSN:0015-5748
Subjects:

MARC

LEADER 00000nab a2200000 a 4500
001 vtls000829952
003 SK-MaSNL
005 20260304212355.0
008 250429c2002 xo 0 slo
015 |a SNBRB2003/03-09620 
035 |a CLN000181607 
035 |a urn:nbn:sk:snk-ab9l3l 
035 |a (urnnbn)urn:nbn:sk:snk:ar-a08isv 
035 |a (uuid)5a9c331f-796b-4fab-8a70-c857feb5da1a 
040 |a SNKBUCL  |b slo  |c SNKBUCL  |e AACR2 
041 0 |a eng 
044 |a xo  |c SK 
080 |a 619:612.017:616.5-002.828  |2 1997 
080 |a 612.017-019  |2 1997 
080 |a 619:616.5-002.828  |2 1997 
080 |a 636.7.09  |2 1997 
245 0 0 |a Non-specific immune response in dogs with dermacomycosis [t.j. dermatomycosis]  |c J. Mojžišová ... [et al.] 
300 |b Tab. 
504 |a Res. angl. 
504 |a Bibliogr. odkazy 
650 0 7 |a psy  |x dermatomykóza  |x lymfocyty  |x odpoveď blastogénna  |x fagocytóza  |2 snkbucl  |9 1544285 
650 0 7 |a dermatomykózy  |2 snkbucl  |9 18040 
650 0 7 |a lymfocyty  |2 snkbucl  |9 16131 
650 0 7 |a fagocytóza  |2 snkbucl  |9 16134 
650 0 7 |a imunita bunková  |2 snkbucl  |9 853040 
655 7 |a články z novín a časopisov  |2 snkbucl  |9 267496 
700 1 |a Mojžišová, Jana,  |d 1963-  |4 aut  |9 195014 
700 1 |a Hromada, R.  |4 aut  |9 399294 
700 1 |a Paulík, Štefan,  |d 1948-2004  |4 aut  |9 248888 
700 1 |a Hipíková, Vlasta  |4 aut  |9 25771 
700 1 |a Bajová, Viera,  |d 1942-2013  |4 aut  |9 243439 
700 1 |a Čížek, Milan  |4 aut  |9 11312 
773 0 |t Folia veterinaria  |g Roč. 46, č. 3 (2002), s. 139-141  |x 0015-5748 
850 |a Slovenská národná knižnica 
852 |a Slovenská národná knižnica 
958 |a article13 
958 |a MI 
958 |a NB 
958 |a OND 
958 |a EUIPO 
992 |a RBX 
999 |c 3131149  |d 3133079